Monetary theory and practice : (Record no. 123829)

MARC details
000 -LEADER
fixed length control field 00663nam a22002297a 4500
005 - DATE AND TIME OF LATEST TRANSACTION
control field 20170124105931.0
010 ## - LIBRARY OF CONGRESS CONTROL NUMBER
LC control number A-953006
020 ## - INTERNATIONAL STANDARD BOOK NUMBER
Terms of availability 100.00
International Standard Book Number 8170144612
035 ## - SYSTEM CONTROL NUMBER
System control number A-953006
037 ## - SOURCE OF ACQUISITION
Source of stock number/acquisition Cen Lib/Ret
040 ## - CATALOGING SOURCE
Original cataloging agency DPL
Language of cataloging EN
082 ## - DEWEY DECIMAL CLASSIFICATION NUMBER
Classification number 332.406
100 ## - MAIN ENTRY--PERSONAL NAME
Personal name Sundharam,K.P.M.
9 (RLIN) 6786
245 ## - TITLE STATEMENT
Title Monetary theory and practice :
Statement of responsibility, etc by K.P.M.Sundharam
Remainder of title for callb examination /
260 ## - PUBLICATION, DISTRIBUTION, ETC. (IMPRINT)
Place of publication, distribution, etc New Delhi
Name of publisher, distributor, etc Sultan chand & sons
Date of publication, distribution, etc 1996
270 ## - ADDRESS
Address 23,Darya Ganj
City New Delhi
Postal code 110002
300 ## - PHYSICAL DESCRIPTION
Extent 473p.
Dimensions 20cm(Hb)
650 ## - SUBJECT ADDED ENTRY--TOPICAL TERM
Topical term or geographic name as entry element Money
9 (RLIN) 8173
650 ## - SUBJECT ADDED ENTRY--TOPICAL TERM
Topical term or geographic name as entry element Banks and banking
9 (RLIN) 8174
700 ## - ADDED ENTRY--PERSONAL NAME
9 (RLIN) 7837
942 ## - ADDED ENTRY ELEMENTS (KOHA)
Source of classification or shelving scheme Dewey Decimal Classification
Koha item type English Books
Classification part 332.406
Call number suffix SUN
Holdings
Withdrawn status Lost status Damaged status Not for loan Home library Current library Date acquired Source of acquisition Cost, normal purchase price Total Checkouts Full call number Barcode Date last seen Copy number Cost, replacement price Price effective from Koha item type Public note
Written off       Central Library Central Library 12/06/2015 Cen Lib/Ret 100.00   332.406 SUN A-953006 12/06/2015 1 100.00 12/06/2015 English Books Written off on approval by DLB (By Circulation); dtd 15-06-2023

© Delhi Public Library
Hit Counter
free hit counter